Reportajes con Samuel Escobar (Registro nro. 49732)
[ vista simple ]
| 000 -LÍDER | |
|---|---|
| Campo fijo de descripción fija | 00793aab a2200193 4500 |
| 001 - NÚMERO DE CONTROL | |
| Campo de control | 768714001 |
| 003 - IDENTIFICADOR DEL NÚMERO DE CONTROL | |
| Campo de control | CO-MdFUSB |
| 005 - FECHA Y HORA DE LA ULTIMA TRANSACCIÓN | |
| control field | 20240530110747.0 |
| 008 - ELEMENTOS DE LONGITUD FIJA -- INFORMACIÓN GENERAL | |
| Campo fijo de descripción fija -- Información general | 170508s1992 cr ||||| |||| 00| 0 spa d |
| 040 ## - FUENTE DE CATALOGACIÓN | |
| Agencia Catalogadora | CO-MdFUSB |
| Idioma de catalogación | spa |
| Agencia que realiza la transcripción | CO-MdFUSB |
| Agencia que realiza la modificación | CO-MdFUSB |
| 041 ## - CÓDIGO DE IDIOMA | |
| Código de idioma para texto/pista de sonido o título separado | spa |
| 245 00 - TÍTULO | |
| Título | Reportajes con Samuel Escobar |
| 300 ## - DESCRIPCIÓN FÍSICA | |
| Extensión | Volumen 10. Número 1 (1992), páginas 24-26 |
| Dimensiones | : 27 cm. |
| 520 ## - NOTA DE RESUMEN, ETC. | |
| Nota de sumario, etc. | "Evidentemente, el empobrecimiento de América latina también se nota en la marcha de la Iglesia"<br/>En este reportaje se habla con Samuel Escobar, habla del CLADE III, la fraternidad teológica, América latina y Norteamérica. |
| 653 ## - TÉRMINO DE INDIZACIÓN - NO CONTROLADO | |
| Término no controlado | Entrevista |
| 773 0# - ASIENTO DE ITEM FUENTE | |
| Título | Apuntes Pastorales |
| Biblionumber | 49442 |
| Itemnumber | 60137 |
| Parte(s) relacionada(s) / Volumen., número. (mes año), páginas | Volumen 10. Número 1 (1992), páginas 24-26 |
| Enumeración y primera página | Página 24 |
| 942 ## - TIPO DE MATERIAL (KOHA) | |
| Tipo de Item KOHA | Artículos de Revista |
| 945 ## - INFORMACIÓN LOCAL DEL REGISTRO | |
| Catalogador | JTF-925 |
No hay ítems disponibles.
